[Event "Kahramanmaras op 7th"]
[Site "Kahramanmaras"]
[Date "2016.04.06"]
[Round "4.8"]
[White "Ozenir, Ekin Baris"]
[Black "Hajiyev, Shahin Qabil"]
[Result "1/2-1/2"]
[WhiteElo "2054"]
[BlackElo "1966"]
[PlyCount "94"]
[EventDate "2016.04.04"]
[EventType "swiss"]
[EventRounds "9"]
[EventCountry "TUR"]
[SourceTitle "EXT 2018"]
[Source "ChessBase"]
[SourceDate "2017.10.13"]
[SourceVersion "1"]
[SourceVersionDate "2017.10.13"]
[SourceQuality "1"]

1. d4 d5 2. c4 c6 3. Nf3 e6 4. g3 dxc4 5. Bg2 Nd7 6. a4 Ngf6 7. 0-0 Be7 8. Na3 b6 9. Nxc4 Bb7 10. a5 c5 11. dxc5 Bxc5 12. Be3 Bd5 13. Bxc5 Nxc5 14. Nfe5 b5 15. Bxd5 Nxd5 16. b4 Nb7 17. Na3 a6 18. Qb3 Qd6 19. Nd3 0-0 20. Rac1 Rac8 21. Rfd1 Qb8 22. e4 Nf6 23. f3 h6 24. Kg2 Qa7 25. Nf2 Rfd8 26. Rxc8 Rxc8 27. Nc2 Nd8 28. e5 Nd5 29. Kg1 Rc3 30. Qb2 Qc7 31. Ne1 Qc4 32. Ne4 Rb3 33. Qd2 Qxb4 34. Qxb4 Rxb4 35. Nc5 Nc6 36. Nxa6 Ra4 37. Nc5 Rxa5 38. f4 b4 39. Ned3 Ra2 40. Nb3 Nc3 41. Ra1 Rxa1+ 42. Nxa1 Ne2+ 43. Kf2 Ned4 44. Ke3 b3 45. Kd2 Nb4 46. Nb2 Nd5 47. Kd3 Nc2 1/2-1/2